| 000 | 00933nam a2200241 i 4500 | ||
|---|---|---|---|
| 001 | 59989 | ||
| 003 | ES-MaACL | ||
| 005 | 20230906164132.0 | ||
| 007 | t| | ||
| 008 | 031031s1957 sp ||||1| spa d | ||
| 100 | 1 |
_aErhard, Ludwig. _947383 |
|
| 245 | 1 | 0 |
_aBienestar para todos / _cLudwig Erhard ; recopilado y dispuesto por Wolfram Langer ; prólogo a la edición española por Jesús Prados Arrarte. |
| 260 |
_aValencia : _bFundación Ignacio Villalonga, _c1957 ( _fA. Nuñez) |
||
| 300 |
_a307 p. ; _c22 cm. |
||
| 490 | 1 | _aBiblioteca de estudios económicos | |
| 651 | 4 |
_aAlemania (República Federal)- _xSituación económica. _97677 |
|
| 651 | 4 |
_aAlemania (República Federal)- _xPolítica económica. _9166608 |
|
| 700 | 1 |
_aLanger, Wolfram. _970038 |
|
| 700 | 1 |
_aPrados Arrarte, Jesús. _993635 |
|
| 830 | 0 |
_aBiblioteca de estudios económicos _9182693 |
|
| 852 |
_aES-MaACL _jC-13796 _bR.41640 |
||
| 999 |
_c59989 _d59989 |
||